La religiosa /

Uloženo v:
Podrobná bibliografie
Hlavní autor: Richter, Max, (1966- ) (Skladatel)
Další autoři: Lebrun, François (Herec), Cape, Yves (Fotograf), Beaujour, Jérôme (Autor filmového scénáře atd., Scénárista), Pialat, Sylvie (Producent, výrobce), Quainon, Benoît (Producent, výrobce), Bourgoin, Louise (Herec), Gedeck, Martina (Herec), Bonitzer, Agathe (Herec), Etienne, Pauline (Herec), Huppert, Isabelle (Herec), Nicloux, Guillaume (Autor filmového scénáře atd., Režisér)
Médium: Video
Jazyk:italština
francouzština
Vydáno: Milano : [Roma] : Officine UBU ; RAI Cinema : 01 Distribution, ©2014
Tagy: Přidat tag
Žádné tagy, Buďte první, kdo vytvoří štítek k tomuto záznamu!

MARC

LEADER 00000ngm a22000007i 4500
001 IT\ICCU\MOD\1630128
003 ItRI
005 20260124182900.0
008 140408s2014 it |||||||||||||||k|||||c
024 3 1 |a 8032807052946 
028 4 2 |a 05294  |b 01 Distribution 
040 |b ita 
041 7 |a ita  |a fre  |2 ISO-639-2 
130 3 |a La religieuse <film ; 2013>  |3 IT\ICCU\MOD\1630129 
245 0 3 |a La religiosa /  |c un film di Guillaume Nicloux ; dal romanzo di Denis Diderot ; scritto da Guillaume Nicloux e Jérome Beaujour ; fotografia Yves Cape ; musiche Max Richter ; prodotto da Sylvie Pialat e Benoît Quainon ; [cast] Pauline Etienne, Isabelle Huppert, Louise Bourgoin... [et al.]. 
260 |a Milano :  |b Officine UBU ;  |a [Roma] :  |b RAI Cinema :  |b 01 Distribution,  |c ©2014 
300 |a 1 DVD-Video (113 min.) ;  |c in contenitore, 19 cm 
500 |a Caratteristiche tecniche: regione 2; PAL; DVD-9 singola faccia, doppio strato; 16/9, 1.85:1 .; Dolby digital 5.1; color 
500 |a  Lingue: italiano; sottotitoli: italiano 
500 |a Etichetta: 01 Distribution 
500 |a ©2014 Officine UBU 
500 |a Titolo del contenitore 
500 |a Produzione cinematografica Francia/Germania/Belgio 2013 
700 1 |a Lebrun, François  |0 IT\ICCU\BVEV\002014  |4 act 
700 1 |a Cape, Yves  |0 IT\ICCU\CAGV\719488  |4 pht 
700 1 |a Diderot, Denis  |0 IT\ICCU\CFIV\006225  |4 ant 
700 1 |a Beaujour, Jérôme  |0 IT\ICCU\CFIV\054656  |4 aus 
700 1 |a Beaujour, Jérôme  |0 IT\ICCU\CFIV\054656  |4 sce 
700 1 |a Pialat, Sylvie  |0 IT\ICCU\DDSV\267992  |4 pro 
700 1 |a Quainon, Benoît  |0 IT\ICCU\DDSV\375947  |4 pro 
700 1 |a Bourgoin, Louise  |0 IT\ICCU\LIGV\001560  |4 act 
700 1 |a Gedeck, Martina  |0 IT\ICCU\MODV\265286  |4 act 
700 1 |a Richter, Max,  |d  (1966- )  |0 IT\ICCU\MODV\356250  |4 cmp 
700 1 |a Bonitzer, Agathe  |0 IT\ICCU\MODV\653886  |4 act 
700 1 |a Etienne, Pauline  |0 IT\ICCU\MODV\655117  |4 act 
700 1 |a Huppert, Isabelle  |0 IT\ICCU\RAVV\088901  |4 act 
700 1 |a Nicloux, Guillaume  |0 IT\ICCU\RAVV\543422  |4 aus 
700 1 |a Nicloux, Guillaume  |0 IT\ICCU\RAVV\543422  |4 drt 
710 2 |a 01 Distribution  |0 IT\ICCU\DDSV\000014  |4 pbl 
790 1 |a Crudeli, Thomas,  |d  (1713-1784)  |3 IT\ICCU\SBNV\036218  |z Diderot, Denis 
790 1 |a Gedeck, Martina Friederike  |3 IT\ICCU\DDSV\370285  |z Gedeck, Martina 
942 |2 ddc  |c VM  |n 0 
952 |0 0  |1 0  |4 0  |6 VO_2159_000000000000000  |7 0  |9 27504  |a BO  |b BO  |d 2026-01-24  |i 17634  |l 0  |o VO 2159  |p BO17634  |r 2026-01-24 18:29:00  |w 2026-01-24  |x [Sebina 7] [1 dvd]  |y VM  |z 1 dvd 
999 |c 23298  |d 23298